Noise pollution

Bibliographic Details
Main Author: Normah Othman
Corporate Author: Title
Format: Book
Published: Kuala Lumpur : Penerbitan Fargoes , 2004
Series:Moral English stories
Subjects:

MARC

LEADER 00000cam a2200000 7i4500
001 0000005360
005 20151222.0
008 070803
020 |a 9831281500 
090 0 0 |a JP   |b MOR ENG (5726) 
100 0 |a Normah Othman 
245 1 0 |a Noise pollution   |c Normah Othman 
260 |a Kuala Lumpur :   |b Penerbitan Fargoes ,   |c 2004 
440 0 |a Moral English stories 
500 |a Children ages 7-9 years old (orange) 
650 0 |a Junior preschool   |x English   |x Languages 
650 0 |a Moral 
710 0 |a Title 
999 |a 0000977649   |b Book   |c Children Collection   |e Cawangan Taman Universiti 
999 |a 0000977650   |b Book   |c Children Collection   |e Cawangan Taman Universiti 
999 |a 0000985421   |b Book   |c Children Collection   |e Perbadanan Perpustakaan Awam Johor 
999 |a 0000985425   |b Book   |c Children Collection   |e Perbadanan Perpustakaan Awam Johor 
999 |a 0001074925   |b Book   |c Children Collection   |e Cawangan Bukit Gambir 
999 |a 000977651   |b Book   |c Children Collection   |e Cawangan Taman Universiti 
999 |a 000977652   |b Book   |c Children Collection   |e Cawangan Taman Universiti